| Tag |
First Indicator |
Second Indicator |
Subfields |
| LEADER |
00000cam a2200000 a 4500 |
| 001 |
in00002145656 |
| 006 |
m e d # |
| 007 |
cr mn mmmmabba |
| 008 |
811217s1781 mau s 000 0 eng d |
| 005 |
20260331152200.7 |
| 035 |
|
|
|z w003310
|
| 035 |
|
|
|a MAAR8112171302B
|
| 035 |
|
|
|9 mwa91-3901
|
| 035 |
|
|
|a 318550
|
| 035 |
|
|
|a aas03003310
|
| 040 |
|
|
|a MWA
|c MWA
|e bdrb
|d UtOrBLW
|
| 100 |
1 |
|
|a Gatchel, Samuel.
|
| 245 |
1 |
4 |
|a The signs of the times: or Some expositions and remarks on sundry texts of Scripture, relative to the remarkable phenomenon, or dark-day, which appeared in New-England on the nineteenth of May, 1780 :
|b by which it appears that New-England is the place that the Prophet Joel calls Zion and Jerusalem. /
|c By Samuel Gatchel, deacon of the Second Congregational Church in Marblehead.
|
| 264 |
|
3 |
|a Danvers [Mass.] :
|b Printed and sold by E. Russell, at his printing-office near the Bell-Tavern. M,DCC,LXXI. (Pr. 8 dol.) Also may be had, sundry other new pieces,
|c [1781]
|
| 300 |
|
|
|a 16 pages ;
|c 18 cm. (octavo)
|
| 336 |
|
|
|a text
|b txt
|2 rdacontent
|
| 337 |
|
|
|a computer
|b c
|2 rdamedia
|
| 338 |
|
|
|a online resource
|b cr
|2 rdacarrier
|
| 500 |
|
|
|a The darkness which extended over much of New England was presumably the result of smoke and ashes from a forest fire, trapped in the atmosphere by excessive moisture. Cf. Bumgardner, G.B. American broadsides, number 57.
|
| 510 |
4 |
|
|a Evans
|c 17169
|
| 530 |
|
|
|a Microform version available in the Readex Early American Imprints series.
|
| 533 |
|
|
|a Electronic text and image data.
|b [Chester, Vt. :
|c Readex, a division of Newsbank, Inc.,
|d 2002-2004.
|e Includes files in TIFF, GIF and PDF formats with inclusion of keyword searchable text.
|f (Early American imprints. First series ; no. 17169).
|
| 500 |
|
|
|a Electronic resource.
|
| 650 |
|
0 |
|a Curiosities and wonders.
|
| 650 |
|
0 |
|a Disasters
|x Religious aspects.
|
| 650 |
|
0 |
|a Forest fires
|z New England.
|
| 651 |
|
0 |
|a New England
|x History
|y Colonial period, ca. 1600-1775.
|
| 752 |
|
|
|a United States
|b Massachusetts
|d Danvers.
|
| 830 |
|
0 |
|a Early American imprints.
|n Series I,
|p Evans (1639-1800) ;
|v no. 17169.
|
| 856 |
4 |
1 |
|u http://proxy.library.tamu.edu/login?url=https://opac.newsbank.com/select/evans/17169
|y Evans Digital Edition
|t 0
|
| 999 |
|
|
|a MARS
|
| 999 |
f |
f |
|s 28af0304-08ed-3df0-b62c-63d8b9bee05b
|i ad8ebe77-de05-3b1b-aecf-39cd53c5bb3b
|t 0
|
| 952 |
f |
f |
|a Texas A&M University
|b College Station
|c Electronic Resources
|s www_evans
|d Available Online
|t 0
|h No information provided
|
| 998 |
f |
f |
|t 0
|l Available Online
|